|
|
|
|
| LEADER |
00000nab a2200000 a 4500 |
| 001 |
vtls008842733 |
| 003 |
SK-MaSNL |
| 005 |
20260304033638.0 |
| 008 |
150323c2006 xo mr|p|||an |000 b|cze |
| 015 |
|
|
|a SNBRB2006/08
|
| 038 |
|
|
|a SPK
|
| 040 |
|
|
|a SPKCL
|b slo
|c 1997
|e AACR2
|
| 041 |
0 |
|
|a cze
|b eng
|b cze
|
| 044 |
|
|
|a xo
|c SK
|
| 080 |
|
|
|a 621.397.13
|2 1997
|
| 080 |
|
|
|a 37
|2 1997
|
| 100 |
1 |
|
|a Novák, Daniel,
|d 1952-
|4 aut
|9 100449
|
| 245 |
1 |
0 |
|a Digitální vysílání a školní edukace
|c Daniel Novák
|
| 246 |
3 |
1 |
|a Digital broadcasting and school education
|
| 300 |
|
|
|b Obr.
|
| 504 |
|
|
|a Bibliogr. odkazy
|
| 546 |
|
|
|a Res. angl., čes.
|
| 546 |
|
|
|a Súbežný názov v angličtine
|
| 650 |
0 |
7 |
|a televízna technika
|2 snkbucl
|9 247453
|
| 650 |
0 |
7 |
|a edukácia
|2 snkbucl
|9 31370
|
| 773 |
0 |
|
|t Technológia vzdelávania
|g Roč. XIV., č. 5(2006)
|x 1335-003X
|
| 773 |
0 |
8 |
|t Slovenský učiteľ
|g Č. 5 (2006), s. 2-4
|
| 852 |
|
|
|a SPK
|b KIS3GCP
|
| 958 |
|
|
|a NB
|2 spk
|
| 999 |
|
|
|c 2649075
|d 2651005
|